Nationalités de personnes célèbres - Statistiques

Statistiques générales
  • Ce quiz a été pris 367 fois
  • Le résultat moyen est 12 sur 14
Statistiques - réponses
Célébrité Nationalité % Correct
Vladimir Poutine Russe
97%
Dr Dre Américain
95%
Iz (Chanteur) Américain
95%
John Lennon Anglais
93%
Ludwig Van Beethoven Allemand
92%
Edith Piaf Française
92%
Wolfgang Amadeus Mozart Autrichien
88%
Bob Marley Jamaicain
87%
Fernand de Magellan Portugais
87%
Zlatan Ibrahimovic Suèdois
86%
Christophe Colomb Italien
84%
Jim Carrey Canadien
74%
Nana Mouskouri Grecque
64%
Rihanna Barbadienne
49%
Aucun quiz correspondant
Distribution des résultats
% des personnes avec chaque résultat
Percentile par nombre de réponses
Votre historique - résultats
Vous n’avez pas pris ce quiz